Koncentrace, kooperace a pružné organizační struktury

Enregistré dans:
Détails bibliographiques
Auteur principal: Smrčka, Jaroslav
Format: Livre
Langue:tchèque
Publié: Praha Inst. říz. 1985
Édition:1. vyd.
Collection:Výsledky výzkumu IŘ F 65
Tags: Ajouter un tag
Pas de tags, Soyez le premier à ajouter un tag!

MARC

LEADER 00000nam a2200000 4500
001 c023172
005 20250519141005.4
041 0 |a cze 
044 |a CZ 
245 1 0 |a Koncentrace, kooperace a pružné organizační struktury  |c Jaroslav Smrčka 
250 |a 1. vyd. 
264 1 |a Praha  |b Inst. říz.  |c 1985 
300 |a 35 s. 
490 1 |a Výsledky výzkumu IŘ  |v F 65 
830 0 |a Výsledky výzkumu IŘ  |v F 65 
100 1 |a Smrčka, Jaroslav